|
|
|
|
| LEADER |
01547njm a2200397 a 4500 |
| 001 |
001078121 |
| 003 |
CZ BrMZK |
| 005 |
20210215103853.0 |
| 007 |
sd fsngnnmmned |
| 008 |
091207s2009 xr ctn g def ita d |
| 024 |
3 |
|
|a 8595056601513
|
| 028 |
0 |
1 |
|a 01512232
|b Nibiru
|
| 040 |
|
|
|a BOA001
|b cze
|
| 041 |
0 |
|
|g cze
|g eng
|g ger
|g fre
|
| 048 |
|
|
|a ob01
|b vu5
|
| 072 |
|
7 |
|a 784
|x Vokální hudba
|2 Konspekt
|9 9
|
| 080 |
|
|
|a [783.3:784.5]:784.9
|2 MRF
|
| 080 |
|
|
|a (086.76)
|2 MRF
|
| 100 |
1 |
|
|a Zelenka, Jan Dismas,
|d 1679-1745
|7 jn19990010036
|4 cmp
|
| 245 |
1 |
3 |
|a Il diamante, ZWV 177
|h [zvukový záznam] :
|b serenata /
|c Jan Dismas Zelenka ; [libreto Stefano Benedetto Pallavicini]
|
| 260 |
|
|
|a Praha :
|b Nibiru,
|c p2009
|
| 300 |
|
|
|a 2 zvukové desky (50:14 ; 47:00) :
|b digital ;
|c 12 cm
|
| 306 |
|
|
|a 005014
|a 004700
|
| 500 |
|
|
|a Kompaktní desky (DDD)
|
| 511 |
0 |
|
|a Roberta Mameli, soprán a další ; Ensemble Inégal ; Pražští barokní sólisté, dirigent Adam Viktora
|
| 650 |
0 |
4 |
|a kantáty (zpěv(5), komorní orchestr)
|
| 655 |
|
7 |
|a kompaktní desky
|7 fd201991
|2 czenas
|
| 700 |
1 |
|
|a Pallavicini, Stefano Benedetto,
|d 1672-1742
|7 jx20060301004
|4 lbt
|
| 700 |
1 |
|
|a Mameli, Roberta
|7 xx0134140
|4 sng
|
| 700 |
1 |
|
|a Viktora, Adam,
|d 1973-
|7 ola2002145214
|4 cnd
|
| 710 |
2 |
|
|a Ensemble Inégal
|7 ko2004233462
|
| 710 |
2 |
|
|a Pražští barokní sólisté
|7 mzk2009513105
|
| 910 |
|
|
|a BOA001
|b CD-0015.787
|
| 990 |
|
|
|a AV
|
| 991 |
|
|
|b 200912
|
| 996 |
6 |
|
|b 261H017509
|c CD-0015.787
|l MZK
|r Sklad / do 24 hodin
|n 0
|p p.v.
|w 001099775
|u 000010
|a 1
|e BOA001
|j MZK50
|s P
|